Missing Word: NFL MVP Quiz Stats

 Plays Quiz Updated May 9, 2016

Challenge
Share
Tweet
Embed
Score 0/20 Timer 02:00
1 Play Today
Player Missing Word % Correct
O.J. ______Simpson
97%
Brett ______Favre
92.9%
______ BradshawTerry
92.3%
Dan ______Marino
90.2%
______ StarrBart
86.6%
______ FaulkMarshall
84.8%
Adrian ______Peterson
83.3%
______ YoungSteve
83.1%
Y.A. ______Tittle
68.9%
Thurman ______Thomas
68.9%
Player Missing Word % Correct
______ TaylorLawrence
66.6%
Shaun ______Alexander
66.5%
Rich ______Gannon
65.2%
______ AllenMarcus
64.3%
______ CampbellEarl
63.4%
______ DavisTerrell
56.7%
______ SipeBrian
36%
______ PageAlan
31.4%
Paul ______Hornung
26%
Mark ______Moseley
10.9%

Today's Daily Dose

You're not logged in!

Compare scores with friends on all Sporcle quizzes.
OR
Log In

You Might Also Like...

Show Comments

Extras

Top Quizzes Today


Score Distribution

Your Account Isn't Verified!

In order to create a playlist on Sporcle, you need to verify the email address you used during registration. Go to your Sporcle Settings to finish the process.

Report this User

Report this user for behavior that violates our Community Guidelines.

Details: